N2O, CH4 and CO2 emissions from seasonal tropical rainforests and a rubber plantation in Southwest China (Record no. 63366)

MARC details
000 -LEADER
fixed length control field 00769nam a2200277Ia 4500
100 ## - MAIN ENTRY--AUTHOR NAME
Personal name Werner Christian
245 #0 - TITLE STATEMENT
Title N2O, CH4 and CO2 emissions from seasonal tropical rainforests and a rubber plantation in Southwest China
260 ## - PUBLICATION, DISTRIBUTION, ETC. (IMPRINT)
Name of publisher Plant and Soil
Year of publication 2006
300 ## - PHYSICAL DESCRIPTION
Number of Pages 335-353
650 ## - SUBJECT ADDED ENTRY--TOPICAL TERM
Topical Term Carbon dioxide
650 ## - SUBJECT ADDED ENTRY--TOPICAL TERM
Topical Term Greenhouse gases
650 ## - SUBJECT ADDED ENTRY--TOPICAL TERM
Topical Term Nitrous oxide
650 ## - SUBJECT ADDED ENTRY--TOPICAL TERM
Topical Term Rubber plantation
650 ## - SUBJECT ADDED ENTRY--TOPICAL TERM
Topical Term SE Asia
650 ## - SUBJECT ADDED ENTRY--TOPICAL TERM
Topical Term Soil moisture
650 ## - SUBJECT ADDED ENTRY--TOPICAL TERM
Topical Term Soil temperature
650 ## - SUBJECT ADDED ENTRY--TOPICAL TERM
Topical Term Tropical rainforest
700 ## - ADDED ENTRY--PERSONAL NAME
Personal name Butterbach-Bahl Klaus
700 ## - ADDED ENTRY--PERSONAL NAME
Personal name Kise Ralf
700 ## - ADDED ENTRY--PERSONAL NAME
Personal name Liu Chunyan
700 ## - ADDED ENTRY--PERSONAL NAME
Personal name Tang Janwei
700 ## - ADDED ENTRY--PERSONAL NAME
Personal name Xie Baohua
700 ## - ADDED ENTRY--PERSONAL NAME
Personal name Zheng Xunhua
942 ## - ADDED ENTRY ELEMENTS (KOHA)
Koha item type Journals
Holdings
Withdrawn status Lost status Damaged status Not for loan Home library Current library Shelving location Date acquired Serial Enumeration / chronology Koha item type
      Journals RRII Library RRII Library Agronomy 17/08/2007 Volume 289, Issue 02-Jan Journals